000 00732nam a2200229 i 4500
001 124738
003 ES-MaACL
005 20250713080430.0
007 t|
008 070418s1920 sp ||||1| spa d
080 _a821.134.2-22"18"
100 1 _aAza, Vital,
_d1851-1912
_924210
245 1 3 _aEl afinador
_b: juguete cómico en dos actos... /
_coriginal de Vital Aza.
260 _a[Madrid :
_bLa Novela Teatral,
_c1920]
300 _a16 p. ;
_c20 cm.
490 1 _aLa novela teatral ;
_v191
500 _aEn la cub. caricatura de Manuel Vigo por Tovar.
700 0 _aTovar
_c, ilustrador.
_9157378
830 0 _aLa novela teatral ;
_v191
_9122427
852 _aES-MaACL
_j2215-F-45
_bR.138766
999 _c124738
_d124738